Score 0/50 Timer 10:00
0 Plays Today
# of lines Character % Correct
4444Nucky Thompson
98.2%
1225Jimmy Darmody
96.6%
1691Margaret Schroeder
93.7%
1102Eli Thompson
93.7%
764Al Capone
93.2%
784Chalky White
91.7%
534Lucky Luciano
91.4%
984Nelson Van Alden
87.8%
831Gillian Darmody
86.1%
382Arnold Rothstein
85.8%
402Richard Harrow
85.4%
282Meyer Lansky
81.5%
413Eddie Kessler
79.8%
300Gyp Rosetti
78.1%
296Commodore Louis Kaestner
76.9%
105Eddie Cantor
76.3%
291Johnny Torrio
76.1%
442Mickey Doyle
74.9%
299Angela Ianotti
72.1%
296Valentin Narcisse
71.6%
383Owen Sleater
70.1%
171Lucy Danziger
69.6%
196Tommy Darmody
68%
162Billie Kent
62.7%
205Dunn Purnsley
62.4%
# of lines Character % Correct
105Joe Masseria
61.7%
100Bill McCoy
59.8%
309Willie Thompson
58.9%
153Benny Siegel
57%
114Manny Horwitz
55.9%
206Daughter Maitland
54.1%
130Teddy Schroeder
50.2%
117Edward Bader
49.6%
233Sally Wheet
48.1%
101Joe Kennedy
47.2%
245Jim Tolliver
46.8%
107Eric Sebso
46.6%
178Ralph Capone
46.4%
139Harry Daugherty
45.9%
109Emily Schroeder
45.3%
113Gaston Bullock Means
45.1%
190Esther Randolph
44.4%
106Dean O'Banion
44.1%
88Tonino Sandrelli
40.8%
139June Thompson
40.4%
129James Neary
40.2%
130Julia Sagorsky
39.9%
151Sigrid
35.6%
137Roy Phillips
34.8%
105Damian Fleming
33.5%
Remove Ads.
Support Sporcle.
Get the best of Sporcle when you Go Orange. This ad-free experience offers more features, more stats, and more fun while also helping to support Sporcle. Thank you for becoming a member.

You're not logged in!

Compare scores with friends on all Sporcle quizzes.
OR
Log In

Sporcle TV

Today on Sporcle TV


Watch our educational content, quiz creation guides, and fun videos on Sporcle TV.

Show Comments

Extras

Top Quizzes Today


Score Distribution

Paid Content

Your Account Isn't Verified!

In order to create a playlist on Sporcle, you need to verify the email address you used during registration. Go to your Sporcle Settings to finish the process.

Report this User

Report this user for behavior that violates our Community Guidelines.

Details: